| Tag |
First Indicator |
Second Indicator |
Subfields |
| LEADER |
00000cam a2200000 4500 |
| 001 |
in00000721021 |
| 005 |
20151016055649.0 |
| 008 |
730608s1917 mau 00010 eng u |
| 010 |
|
|
|a 17004974
|
| 035 |
|
|
|a (OCoLC)00638932
|
| 035 |
|
|
|9 ADC7895AM
|
| 040 |
|
|
|c HEI
|d TXA
|d UtOrBLW
|
| 049 |
|
|
|a TXAM
|c [8009]
|
| 050 |
|
0 |
|a D613
|b .H4
|
| 092 |
|
|
|a 940.312
|b H43i
|
| 100 |
1 |
|
|a Headlam, James Wycliffe,
|d 1863-1929.
|
| 245 |
1 |
4 |
|a The issue /
|c by J. W. Headlam.
|
| 264 |
|
1 |
|a Boston,
|a New York :
|b Houghton Mifflin company,
|c 1917.
|
| 300 |
|
|
|a vii, 159 pages ;
|c 19 cm.
|
| 336 |
|
|
|a text
|b txt
|2 rdacontent
|
| 337 |
|
|
|a unmediated
|b n
|2 rdamedia
|
| 338 |
|
|
|a volume
|b nc
|2 rdacarrier
|
| 500 |
|
|
|a "Chapters I, II, III, and IV of this book have already appeared in the Nineteenth century and after. Chapter V is reprinted from the Westminster gazette."--Note.
|
| 505 |
0 |
|
|a Introduction.- Two manifestoes.- The party leaders.- The German chancellor and peace.- Prince Bulow on peace.- Central Europe.- Appendixes: I. Manifesto of the six industrial associations. Germany's peace terms.
|
| 650 |
|
0 |
|a World War, 1914-1918
|x Peace.
|
| 999 |
|
|
|a MARS
|
| 999 |
f |
f |
|s 146a9b3f-d5ba-3f2c-bf09-359e109fcae6
|i 5864fa0b-2379-3a9f-933b-6adbfafae510
|t 0
|
| 952 |
f |
f |
|p ric
|a Texas A&M University
|b Rellis Campus
|c Joint Library Facility
|d Remote Storage
|t 0
|e D613 H4
|h Library of Congress classification
|i unmediated -- volume
|m A14801461175
|
| 998 |
f |
f |
|a D613 H4
|t 0
|l Remote Storage
|